LEADER 01089nam 22003853 450 001 9910131742403321 005 20090608000000.0 035 $a(CKB)3460000000086722 035 $a(ItFiC)it 02448354 035 $a(EXLCZ)993460000000086722 100 $a20110322d2009 uy 0 101 0 $aita 200 10$aFlow of sounds $emusica e diaspora : il rap islamico in Gran Bretagna /$fElena Dominique Midolo 205 $a1. ed. italiana. 210 $aNapoli $cLiguori$d2009 215 $axiv, 262 p. ;$d24 cm 225 0$aProfili.$pMetropolis ;$v36 300 $aIncl. appendix of song-lyrics in English (p. 205-251). 311 $a88-207-4456-2 311 $a88-207-4751-0 320 $aIncludes bibliographical references. 517 $aFlow of sounds 676 $a304 676 $a320 676 $a297 676 $a306 676 $a305 676 $a782 676 $a821 700 $aMidolo$b Elena Dominique$f1977-$01024043 801 0$bItFiC 906 $aBOOK 912 $a9910131742403321 996 $aFlow of sounds$92433476 997 $aUNINA LEADER 01045nam2 22002651i 450 001 UON00041009 005 20231205102146.4 100 $a20020107d1967 |0itac50 ba 101 $aeng 102 $aGB 105 $a|||| 1|||| 200 1 $aˆ1. The ‰Western Provinces$fPhilip Ward 210 $aLondon$cFaber and Faber$d1967 215 $a123 p.$cill.$d20 cm 461 1$1001UON00041005$12001 $aTouring Libya$fPhilip Ward$1210 $aLondon$cFaber and Faber$d1967-1969$1215 $a3 v.$cill.$d20 cm 606 $aVIAGGI$xLibia$xSec. 20.$3UONC013940$2FI 620 $aGB$dLondon$3UONL003044 686 $aLYB VIII B$cLIBIA - GEOGRAFIA - VIAGGI$2A 712 $aFaber and Faber$3UONV246465$4650 801 $aIT$bSOL$c20240220$gRICA 899 $aSIBA - SISTEMA BIBLIOTECARIO DI ATENEO$2UONSI 912 $aUON00041009 950 $aSIBA - SISTEMA BIBLIOTECARIO DI ATENEO$dSI LYB VIII B 001 (1) $eSI G 3011 5 001 (1) 996 $aWestern Provinces$91208377 997 $aUNIOR